| 000 | 00000nas 2200000zi 4500 |
| 001 | 9.936998 |
| 003 | CaOODSP |
| 005 | 20240418110808 |
| 006 | m o d f |
| 007 | cr ||||||||||| |
| 008 | 240417u20139999oncar p o f0###a0eng|d |
| 040 | |aCaOODSP|beng|erda|cCaOODSP |
| 043 | |an-cn--- |
| 086 | 1 |aH2-9E-PDF |
| 110 | 1 |aCanada. |bHealth Canada, |eauthor, |eissuing body. |
| 245 | 10|aInspectorate program : |bannual inspection summary report. |
| 246 | 37|aAnnual inspection summary report |
| 264 | 1|a[Ottawa] : |bHealth Canada = Santé Canada, |c[2013]- |
| 310 | |aAnnual |
| 336 | |atext|btxt|2rdacontent |
| 337 | |acomputer|bc|2rdamedia |
| 338 | |aonline resource|bcr|2rdacarrier |
| 362 | 1 |aBegan with: 2012/2013. |
| 500 | |aIssued also in French under title: Programme de l'Inspectorat : rapport sommaire annuel sur les inspections. |
| 588 | |aDescription based on: 2012/2013; title from PDF cover page. |
| 588 | |aLatest issue consulted: 2015/2016. |
| 610 | 10|aCanada. |bHealth Canada|vPeriodicals. |
| 650 | 0|aHealth facilities|xInspection|zCanada|vPeriodicals. |
| 655 | 7|aPeriodicals|2lcgft |
| 775 | 08|tProgramme de l'Inspectorat : |w(CaOODSP)9.937006 |